| 000 | 00378nam a2200121Ia 4500 | ||
|---|---|---|---|
| 008 | 160609s9999 xx 000 0 und d | ||
| 100 | _aGupta, Latika. | ||
| 245 | _aEducation, Poverty And Gender: Schooling Muslim Girls In India | ||
| 245 | _cBy:Latika Gupta | ||
| 260 | _c2015 | ||
| 650 | _xMUSLIM EDUCATION | ||
| 856 | _uhttp://file.ebook777.com/EduPovAndGenSchMusGirInInd.pdf | ||
| 999 |
_c295862 _d295862 |
||